|
|
|
|
| LEADER |
01852nam a2200505 a 4500 |
| 001 |
nkc20142604068 |
| 003 |
CZ PrNK |
| 005 |
20211207085745.0 |
| 007 |
ta |
| 008 |
140702s2014 xr a f 001 0 eng |
| 015 |
|
|
|a cnb002604068
|
| 020 |
|
|
|a 978-80-244-4088-0
|q (brož.)
|z 978-80-244-4089-7 :
|c neprodejné
|
| 035 |
|
|
|a (OCoLC)886606948
|
| 040 |
|
|
|a OLA001
|b cze
|d ABA001
|
| 072 |
|
7 |
|a 81
|x Lingvistika. Jazyky
|2 Konspekt
|9 11
|
| 080 |
|
|
|a 81'367.4
|2 MRF
|
| 080 |
|
|
|a 81-116
|2 MRF
|
| 080 |
|
|
|a 811.16
|2 MRF
|
| 080 |
|
|
|a (048.8:082)
|2 MRF
|
| 245 |
0 |
0 |
|a Nominal structures: all in complex DPs /
|c edited by Ludmila Veselovská and Markéta Janebová
|
| 250 |
|
|
|a 1st ed.
|
| 260 |
|
|
|a Olomouc :
|b Palacký University,
|c 2014
|
| 300 |
|
|
|a 216 s. :
|b il. ;
|c 24 cm
|
| 490 |
1 |
|
|a Olomouc modern language monographs ;
|v vol. 2
|
| 504 |
|
|
|a Obsahuje bibliografii, bibliografické odkazy a rejstříky
|
| 650 |
0 |
7 |
|a jmenné fráze
|7 ph121367
|2 czenas
|
| 650 |
0 |
7 |
|a funkční lingvistika
|7 ph118864
|2 czenas
|
| 650 |
0 |
7 |
|a generativní lingvistika
|7 ph120476
|2 czenas
|
| 650 |
0 |
7 |
|a slovanské jazyky
|7 ph125652
|2 czenas
|
| 650 |
0 |
9 |
|a noun phrase
|2 eczenas
|
| 650 |
0 |
9 |
|a functional linguistics
|2 eczenas
|
| 650 |
0 |
9 |
|a generative linguistics
|2 eczenas
|
| 650 |
0 |
9 |
|a Slavic languages
|2 eczenas
|
| 653 |
0 |
|
|a determiner phrase
|
| 655 |
|
7 |
|a kolektivní monografie
|7 fd501537
|2 czenas
|
| 655 |
|
9 |
|a collective monographs
|2 eczenas
|
| 700 |
1 |
|
|a Veselovská, Ludmila,
|d 1957-
|7 ola2006329722
|4 edt
|
| 700 |
1 |
|
|a Janebová, Markéta,
|d 1979-
|7 ola2014828653
|4 edt
|
| 830 |
|
0 |
|a Olomouc modern language monographs
|0 s
|
| 910 |
2 |
|
|a BOA001
|b 2-1257.599
|
| 928 |
9 |
|
|a Univerzita Palackého
|
| 990 |
|
|
|a BK
|
| 995 |
|
|
|a 01
|
| 991 |
|
|
|b 201407
|c NOV
|e n
|
| 996 |
6 |
|
|b 2610596932
|c 2-1257.599
|l MZK
|r Sklad / do 1 hodiny
|n 0
|p p.v.
|w 001436244
|u 000010
|a 1
|e BOA001
|j MZK50
|s P
|